LEADER 01654nas a2200277 i 4500 001 000000003070 003 CaOOAMICUS 005 20211115172541.0 008 180830c19479999gw qr p u0 0ger r 022 $a0041-2945 040 $aSeMil$bita 245 00$aTrierer Theologische Zeitschrift. 260 $aTrier :$bPaulinus,$c1947- 310 $aTrimestrale 362 0 $a1947- 510 4 $aCod. rivista ACNP:$cP 219707 710 2 $aUniversität Mainz : Katholisch-Theologische Fachbereich.$0(OLS)http://semarc/name/2393 710 2 $aUniversität Trier : Theologische Fakultät.$0(OLS)http://semarc/name/2392 780 07$tTheologie und Seelsorge.$dPaderbon : Bonifatius, 1943-1944.$x1864-4589$w()348516 850 $aSeMil 852 $aSeMil$W1$xVenegono$y1$pCliccare per visualizzare collocazione, posseduto cumulativo e fascicoli ricevuti dell?annata corrente

Cliccare per visualizzare eventuali spogli (alla eventuale voce ?Indici? in fondo di pagina)$B228595$CSeMilBibl$Z2$F228595 $85 961 $aCambio: La Scuola Cattolica 996 $6022$a0041-2945$9(OLS)http://semarc/number/586 996 $6245$aTrierer Theologische Zeitschrift$9(OLS)http://semarc/title/5226 996 $6260$aTrier :$bPaulinus$9(OLS)http://semarc/publisher/29982 LEADER 00833nam a2200205 i 4500 001 000000190672 003 CaOOAMICUS 005 20100628000000.0 008 100628s1949 it u000 u ita u 013 $a169103 040 $aSeMil$bita 245 10$aSanta Vincenza Gerosa :$bConfondatrice delle Suore di Carità. 260 $aMilano :$b[s.n.],$c1949. 300 $aVIII, 270 p., [15] c. di tav. ;$c22 cm. 600 14$aGerosa, Vincenza .$0(OLS)http://semarc/subject/1400 850 $aSeMil 852 $aSeMil$W1$xVenegono$y1$m3H V 156$j141289$B141289$CSeMilBibl$Z2$F152864 $81 961 $aRecupero: Biblioteca Seminario Saronno 996 $6245$aSanta Vincenza Gerosa :$bConfondatrice delle Suore di Carità$9(OLS)http://semarc/title/274717 996 $6260$aMilano :$b[s.n.]$9(OLS)http://semarc/publisher/29709